000
00221nam a22000857a 4500
008
170204b xxu||||| |||| 00| 0 eng d
100
_9
2778
_a
CBSE
245
_a
Senior Schol Curriculum 2014-2015
260
_a
NEw Delhi
_b
CBSE
_c
2014
999
_c
5970
_d
5970